Indefinite Definitions IX Quiz Stats

 Plays Quiz Updated Jun 26, 2017

Support Sporcle.
Go Orange.
Score 0/35 Timer 07:00
0 Plays Today
% Correct
Low in spirits; depressed
95.3%
Bend material over on itself
91.7%
Pass an electric current through the body
91.5%
Poker hand containing only one suit
89.9%
Blemish of the skin
89.7%
Strike with surprise, terror, horror, or disgust
89.7%
Wash out with a sudden rush of water
89.6%
Fine, soft, fluffy feathers forming the first plumage of a young bird
89.5%
Pull along with difficulty or effort
88.8%
Place cards facedown to withdraw from play
88.5%
Device by which papers are kept in order
88.3%
Occupying a lower position
86.8%
Turn red, as from fever, embarrassment, or strong emotion
86.6%
Draw on a cigarette, pipe, or cigar
86.5%
Bring a suit before a law court
86.1%
Collection of data treated by a computer as a unit
85.5%
Location
85.4%
Life-threatening condition marked by a severe drop in blood pressure
84.8%
% Correct
Line of soldiers marching one behind the other
83.9%
Detect or discern; spy
83.7%
Hand tool with sharp ridges for smoothing surfaces
82.6%
Go out of business
81.9%
Brief segment on a news broadcast
81.3%
Clothing characteristically worn by the opposite sex
81.1%
Dredge the bottom of a body of water
79.5%
Swallow hastily; gulp
78.9%
Resistance to the motion of a body passing through fluid
76.6%
Abundant or plentiful, as money
74%
Cause to emerge from hiding
73.3%
Guard a performer during practice to prevent injury
70.1%
Thick heavy mass of hair
66.7%
Congregation of Christians
63.2%
Small enclosure for gathering livestock
62.3%
Sheaves of grain set on end in a field to dry
49.6%
Undulating, usually treeless upland with sparse soil
41.4%

You're not logged in!

Compare scores with friends on all Sporcle quizzes.
OR
Log In
Forgot?

From the Vault

'Hot' Things

by babymonkee

Get 100% and you might feel like a hotshot.
Remove Ads.
Support Sporcle.
Get the best of Sporcle when you Go Orange. This ad-free experience offers more features, more stats, and more fun while also helping to support Sporcle. Thank you for becoming a member.

Show Comments

Extras

Top Quizzes Today


Score Distribution

Your Account Isn't Verified!

In order to create a playlist on Sporcle, you need to verify the email address you used during registration. Go to your Sporcle Settings to finish the process.

Report this User

Report this user for behavior that violates our Community Guidelines.

Details: